<?xml version="1.0" encoding="UTF-8"?>
<record
    xmlns:xsi="http://www.w3.org/2001/XMLSchema-instance"
    xsi:schemaLocation="http://www.loc.gov/MARC21/slim http://www.loc.gov/standards/marcxml/schema/MARC21slim.xsd"
    xmlns="http://www.loc.gov/MARC21/slim">

  <leader>01655nam a22002177a 4500</leader>
  <controlfield tag="003">OSt</controlfield>
  <controlfield tag="005">20230711154736.0</controlfield>
  <controlfield tag="008">230705s2015    ag ||||| |||| 00| 1 spa d</controlfield>
  <datafield tag="020" ind1=" " ind2=" ">
    <subfield code="a">9789500437141</subfield>
  </datafield>
  <datafield tag="040" ind1=" " ind2=" ">
    <subfield code="b">spa</subfield>
    <subfield code="c">besoc</subfield>
  </datafield>
  <datafield tag="100" ind1="1" ind2=" ">
    <subfield code="a">Brock, Lynn</subfield>
    <subfield code="d">(1877-1943)</subfield>
    <subfield code="e">autor</subfield>
  </datafield>
  <datafield tag="245" ind1="1" ind2="0">
    <subfield code="a">La larga b&#xFA;squeda del se&#xF1;or Lamousset /</subfield>
    <subfield code="c">Lynn Brock ; traducci&#xF3;n de Fernando M. Ungr&#xED;a</subfield>
  </datafield>
  <datafield tag="250" ind1=" " ind2=" ">
    <subfield code="a">1a ed.</subfield>
  </datafield>
  <datafield tag="260" ind1=" " ind2=" ">
    <subfield code="a">Buenos Aires :</subfield>
    <subfield code="b">Emec&#xE9;, </subfield>
    <subfield code="c">2015</subfield>
  </datafield>
  <datafield tag="300" ind1=" " ind2=" ">
    <subfield code="a">324 p.</subfield>
  </datafield>
  <datafield tag="490" ind1=" " ind2=" ">
    <subfield code="a">El s&#xE9;ptimo c&#xED;rculo / colecci&#xF3;n creada por Jorge Luis Borges y Adolfo Bioy Casares</subfield>
  </datafield>
  <datafield tag="520" ind1=" " ind2=" ">
    <subfield code="a">Lamousset es un leal lacayo que hace de su oficio, su vida. Al servicio del duque de Lor&#xE1;n, ser&#xE1; el encargado de velar por lo deseos del difunto: ser enterrado con un valioso crucifijo propiedad de la familia. Al morir el duque, la valiosa joya es robada por un doctor que se convierte en el enemigo necesario de Lamousset, al haber sido &#xE9;ste testigo del robo. Cassard intenta por todos los medios deshacerse de Lamousset. Lo reta a duelo, intenta envenenarlo... Entre las burlas y la angustia, la venganza y el amor, la paciencia enemistad y la noble aventura discurre esta historia espl&#xE9;ndida. "Deseo que, despu&#xE9;s de mi muerte, se extraigan mi coraz&#xF3;n y mi cerebro, lo antes posible. Esto se har&#xE1; en presencia de Lamousset, mi servidor confidencial, y en este cuarto. Mi testamento contiene las instrucciones pertinentes para el destino de mi coraz&#xF3;n. Su extracci&#xF3;n asegurar&#xE1; al mundo que al menos ten&#xED;a uno. &#xBF;De acuerdo? [Nota del editor].</subfield>
  </datafield>
  <datafield tag="650" ind1=" " ind2="4">
    <subfield code="a">Literatura inglesa</subfield>
    <subfield code="v">Novelas </subfield>
    <subfield code="y">Siglo XX</subfield>
  </datafield>
  <datafield tag="700" ind1=" " ind2=" ">
    <subfield code="a">Ungr&#xED;a, Fernando M. </subfield>
    <subfield code="e">traductor</subfield>
  </datafield>
  <datafield tag="942" ind1=" " ind2=" ">
    <subfield code="2">udc</subfield>
    <subfield code="c">OG</subfield>
    <subfield code="n">0</subfield>
  </datafield>
  <datafield tag="999" ind1=" " ind2=" ">
    <subfield code="c">35</subfield>
    <subfield code="d">35</subfield>
  </datafield>
  <datafield tag="952" ind1=" " ind2=" ">
    <subfield code="0">0</subfield>
    <subfield code="1">0</subfield>
    <subfield code="2">udc</subfield>
    <subfield code="4">0</subfield>
    <subfield code="7">0</subfield>
    <subfield code="8">CG</subfield>
    <subfield code="a">ESOCIALES</subfield>
    <subfield code="b">ESOCIALES</subfield>
    <subfield code="d">2023-07-11</subfield>
    <subfield code="l">0</subfield>
    <subfield code="o">82-312.4(410) B864</subfield>
    <subfield code="p">000665</subfield>
    <subfield code="r">2023-07-11 00:00:00</subfield>
    <subfield code="w">2023-07-11</subfield>
    <subfield code="y">OG</subfield>
  </datafield>
</record>
